000 00299nam a2200097Ia 4500
008 210107s9999 xx 000 0 und d
100 _aKanter, R. M. and Kao,John
245 0 _aInnovation: Breakthrough ideas at 3M, Dupont,GE,Pfizer, and Rubbermaid
260 _aNew York
_bHarper business
942 _cBK
999 _c11470
_d11470